| 000 | 01259nam a2200229Ia 4500 | ||
|---|---|---|---|
| 001 | L922-42425 | ||
| 003 | IT-CnALBA | ||
| 008 | 170116s9999||||xx |||||||||||||| ||und|| | ||
| 040 |
_aIT-CnALBA _cIT-CnALBA |
||
| 041 | _aITALIANO | ||
| 100 | _aMICHIELI A. A. | ||
| 245 | 0 | _aENRICO STANLEY. 1840-1904. (SIR HENRY MORTON, PSEUDONIMO. JAMES ROWLANDS, VERO NOME). | |
| 250 | _a1a ed. | ||
| 260 |
_a GE RO BO MO _bFORMIGGINI A. F., EDIT. _c1913 [1° Ed.:1913 - Ed.Ling.Originale: 1913] |
||
| 300 | _a77 p. | ||
| 500 | _aPROFILI. FORSE IL PIÙ GRANDE ESPLORATORE DELLA STORIA. INGLESE. GIORNALISTA. VIAGGIATORE. TRAFERITOSI IN AMERICA. INVIATO ALLA RICERCA DI LIVINGSTONE D. ESPLORATORE DEL TANGANICA. VISITA DEL CONGO E COSTA ATLANTICA DELL'AFRICA CON UN VIAGGIO EPICO. BASI D | ||
| 501 | _aSocietà San Paolo EM - Piazza San Paolo, 14 - 12051 ALBA (CN) (non commercial uses only) ® Copyright 2017 | ||
| 520 | _aPROFILI. FORSE IL PIÙ GRANDE ESPLORATORE DELLA STORIA. INGLESE. GIORNALISTA. VIAGGIATORE. TRAFERITOSI IN AMERICA. INVIATO ALLA RICERCA DI LIVINGSTONE D. ESPLORATORE DEL TANGANICA. VISITA DEL CONGO E COSTA ATLANTICA DELL'AFRICA CON UN VIAGGIO EPICO. BASI D | ||
| 650 | _aBIOGRAFIE, UOMINI ILLUSTRI | ||
| 942 | _cBK | ||
| 957 | _71 | ||
| 999 |
_a47819 _bSI _g Copie: 1 _c301394 _d301394 |
||